000
00214nam a2200097Ia 4500
008
240331s9999 xx 000 0 und d
082
_b
HAR
100
_a
Harris, E.J
245
4
_a
The gaze of the coloniser
942
_c
L
999
_c
1951
_d
1951